<?xml version="1.0" encoding="UTF-8"?>
<collection xmlns="http://www.loc.gov/MARC21/slim">
 <record>
  <leader>05184nam a2200349 a 4500</leader>
  <controlfield tag="001">kal5793</controlfield>
  <controlfield tag="003">Gr-AtHEAL</controlfield>
  <controlfield tag="005">20160505170403.0</controlfield>
  <controlfield tag="006">m        d        </controlfield>
  <controlfield tag="008">160413s2015    gr      s           gre|c</controlfield>
  <datafield tag="020" ind1=" " ind2=" ">
   <subfield code="a">9789606033063</subfield>
  </datafield>
  <datafield tag="040" ind1=" " ind2=" ">
   <subfield code="a">GR-AtHEAL</subfield>
   <subfield code="b">gre</subfield>
   <subfield code="c">GR-AtHEAL</subfield>
  </datafield>
  <datafield tag="082" ind1="0" ind2="4">
   <subfield code="a">388.1</subfield>
   <subfield code="2">23</subfield>
  </datafield>
  <datafield tag="100" ind1="1" ind2=" ">
   <subfield code="a">Αντωνίου, Κωνσταντίνος.</subfield>
   <subfield code="8">2631</subfield>
  </datafield>
  <datafield tag="245" ind1="1" ind2="0">
   <subfield code="a">Αρχές κυκλοφοριακής τεχνικής και προσομοίωσης</subfield>
   <subfield code="h">[Ηλεκτρονικός πόρος] </subfield>
   <subfield code="c">Αντωνίου, Κωνσταντίνος ; Σπυροπούλου, Ιωάννα ; Κριτικός αναγνώστης,Τυρινόπουλος,Ιωάννης ; Γλωσσική επιμέλεια,Κιοσέογλου, Νερίνα.</subfield>
  </datafield>
  <datafield tag="260" ind1=" " ind2=" ">
   <subfield code="a">Αθήνα :</subfield>
   <subfield code="b">Σύνδεσμος Ελληνικών Ακαδημαϊκών Βιβλιοθηκών,</subfield>
   <subfield code="c">c2015.</subfield>
  </datafield>
  <datafield tag="490" ind1=" " ind2=" ">
   <subfield code="a">Ακαδημαϊκά Ηλεκτρονικά Συγγράμματα και Βοηθήματα Κάλλιπος</subfield>
   <subfield code="8">40</subfield>
  </datafield>
  <datafield tag="505" ind1=" " ind2=" ">
   <subfield code="a">1. Αρχές κυκλοφοριακής τεχνικής και προσομοίωσης: Εισαγωγή2. Βασικά μεγέθη κυκλοφοριακής τεχνικής3. Συλλογή και επεξεργασία κυκλοφοριακών δεδομένων4. Λειτουργία οδικών στοιχείων: αυτοκινητόδρομοι5. Λειτουργία οδικών στοιχείων: Υπεραστικές οδοί6. Ισόπεδοι κόμβοι με φωτεινή σηματοδότηση7. Ισόπεδοι κόμβοι με προτεραιότητα8. Στοιχεία σύνδεσης αυτοκινητοδρόμων9. Εισαγωγή στην κυκλοφοριακή προσομοίωση10. Κυκλοφοριακά πρότυπα11. Συμπεριφορά των οδηγών12. Διαδικασίες βαθμονόμησης και επαλήθευσης</subfield>
  </datafield>
  <datafield tag="520" ind1=" " ind2=" ">
   <subfield code="a">Το βιβλίο καλύπτει τις αρχές κυκλοφοριακής τεχνικής, όπως αυτές διδάσκονται στο τέλος του προπτυχιακού κύκλου, ενώ περιλαμβάνει και έννοιες που μπορούν να υποστηρίξουν μεταπτυχιακούς φοιτητές. Συγκεκριμένα, καλύπτει τις βασικές αρχές κυκλοφοριακής τεχνικής (βασικά μεγέθη, συλλογή και ανάλυση δεδομένων), ενώ παρουσιάζει και τις μεθοδολογίες για την εκτίμηση κυκλοφοριακών μεγεθών σε διάφορα στοιχεία του οδικού δικτύου (τόσο τμήματα υπεραστικών οδών διαφόρων κατηγοριών και αυτοκινητοδρόμων, όσο και ισόπεδων κόμβων και στοιχείων ανισόπεδων κόμβων, όπως κλάδους εισόδου/εξόδου και στοιχεία πλέξης). Το βιβλίο καλύπτει επίσης το αντικείμενο της προσομοίωσης, το οποίο αναγνωρίζεται σήμερα ως σημαντικό συμπλήρωμα στις παραδοσιακές μεθόδους εκτίμησης κυκλοφοριακών μελετών, καθώς προσφέρει λύσεις και για δίκτυα/στοιχεία δικτύων, τα οποία δεν καλύπτουν οι άλλες μέθοδοι. Παρουσιάζονται αρχές προσομοίωσης δικτύου, αλλά και ζήτησης, ενώ παρουσιάζονται και παραδείγματα λογισμικών. Επίσης, δίνεται έμφαση στις βασικές έννοιες, όπως η βαθμονόμηση και η επαλήθευση των αποτελεσμάτων.</subfield>
  </datafield>
  <datafield tag="650" ind1=" " ind2="0">
   <subfield code="a">Traffic engineering.</subfield>
   <subfield code="8">2803</subfield>
  </datafield>
  <datafield tag="653" ind1=" " ind2=" ">
   <subfield code="a">Συμπεριφορά οδηγού</subfield>
  </datafield>
  <datafield tag="653" ind1=" " ind2=" ">
   <subfield code="a">Προσομοίωση κυκλοφορίας</subfield>
  </datafield>
  <datafield tag="653" ind1=" " ind2=" ">
   <subfield code="a">Κυκλοφοριακή τεχνική</subfield>
  </datafield>
  <datafield tag="653" ind1=" " ind2=" ">
   <subfield code="a">Τεχνολογία και επιστήμες μηχανικών</subfield>
   <subfield code="a">Μεταφορές και τεχνολογία μεταφορικών μέσων</subfield>
   <subfield code="a">Συγκοινωνιακή ανάλυση</subfield>
  </datafield>
  <datafield tag="653" ind1=" " ind2=" ">
   <subfield code="a">Τεχνολογία και επιστήμες μηχανικών</subfield>
   <subfield code="a">Μεταφορές και τεχνολογία μεταφορικών μέσων</subfield>
   <subfield code="a">Συγκοινωνιακή μηχανική</subfield>
  </datafield>
  <datafield tag="700" ind1="1" ind2=" ">
   <subfield code="a">Σπυροπούλου, Ιωάννα</subfield>
   <subfield code="e">Συγγραφέας</subfield>
   <subfield code="8">2632</subfield>
  </datafield>
  <datafield tag="700" ind1="1" ind2=" ">
   <subfield code="a">Τυρινόπουλος, Ιωάννης</subfield>
   <subfield code="e">Κριτικός αναγνώστης</subfield>
   <subfield code="8">2633</subfield>
  </datafield>
  <datafield tag="856" ind1="4" ind2="0">
   <subfield code="u">http://hdl.handle.net/11419/5793</subfield>
   <subfield code="z">Πλήρες Κείμενο - Full text</subfield>
  </datafield>
  <datafield tag="907" ind1=" " ind2=" ">
   <subfield code="a">.b25678899</subfield>
   <subfield code="b">12-06-18</subfield>
   <subfield code="c">29-07-16</subfield>
  </datafield>
  <datafield tag="949" ind1=" " ind2=" ">
   <subfield code="0">0</subfield>
   <subfield code="1">0</subfield>
   <subfield code="2">ddc</subfield>
   <subfield code="4">0</subfield>
   <subfield code="6">388_100000000000000_ΑΝΤ</subfield>
   <subfield code="7">0</subfield>
   <subfield code="8">KALL</subfield>
   <subfield code="8">648</subfield>
   <subfield code="d">2016-04-13</subfield>
   <subfield code="r">2016-04-13</subfield>
   <subfield code="w">2016-04-13</subfield>
   <subfield code="z">388.1 ΑΝΤ</subfield>
   <subfield code="o">SEAB KALLIPOS</subfield>
  </datafield>
  <datafield tag="998" ind1=" " ind2=" ">
   <subfield code="a">80</subfield>
   <subfield code="a">01</subfield>
   <subfield code="a">02</subfield>
   <subfield code="a">03</subfield>
   <subfield code="a">04</subfield>
   <subfield code="a">05</subfield>
   <subfield code="a">06</subfield>
   <subfield code="a">07</subfield>
   <subfield code="a">08</subfield>
   <subfield code="a">09</subfield>
   <subfield code="a">10</subfield>
   <subfield code="a">11</subfield>
   <subfield code="a">12</subfield>
   <subfield code="a">13</subfield>
   <subfield code="a">14</subfield>
   <subfield code="a">15</subfield>
   <subfield code="a">16</subfield>
   <subfield code="a">17</subfield>
   <subfield code="a">18</subfield>
   <subfield code="a">19</subfield>
   <subfield code="a">20</subfield>
   <subfield code="a">21</subfield>
   <subfield code="a">22</subfield>
   <subfield code="a">23</subfield>
   <subfield code="a">24</subfield>
   <subfield code="a">25</subfield>
   <subfield code="a">26</subfield>
   <subfield code="b">10-05-17</subfield>
   <subfield code="c">m</subfield>
   <subfield code="d">z  </subfield>
   <subfield code="e">-</subfield>
   <subfield code="f">gre</subfield>
   <subfield code="g">gr </subfield>
   <subfield code="h">0</subfield>
  </datafield>
  <datafield tag="942" ind1=" " ind2=" ">
   <subfield code="2">ddc</subfield>
   <subfield code="c">KALLIPOS</subfield>
  </datafield>
 </record>
</collection>
